000 00750cam a2200277 4500500
005 20260405002801.0
041 _afre
042 _adc
100 1 0 _aDuru, Martin
_eauthor
245 0 0 _aLes bonnes vibrations des “classiques”
260 _c2018.
500 _a14
690 _aLao-tseu
690 _aLaozi
690 _aMartin Buber
690 _aMartin Duru
690 _aMarx
690 _aMerleau-Ponty
690 _aNietzsche
690 _aRésonance
690 _aRousseau
690 _aSartre
690 _aSpinoza
786 0 _nPhilosophie magazine | 123 | 10 | 2018-10-01 | p. 24-25 | 1951-1787
856 4 1 _uhttps://shs.cairn.info/magazine-philosophie-magazine-2018-10-page-24?lang=fr&redirect-ssocas=7080
999 _c2061100
_d2061100